|
|
|
|
| LEADER |
00000nab a2200000 a 4500 |
| 001 |
vtls008410314 |
| 003 |
SK-MaSNL |
| 005 |
20260304180242.0 |
| 008 |
250505c2005 xo mr|p|||||||000 b|slo |
| 015 |
|
|
|a SNBRB2005/11
|2 snkbucl
|
| 035 |
|
|
|a (sysno)vtls008410314
|
| 035 |
|
|
|a urn:nbn:sk:snk-ab6i0w
|
| 035 |
|
|
|a (uuid)db257925-b977-47e4-bb8a-871e5e460360
|
| 035 |
|
|
|a (urnnbn)urn:nbn:sk:snk:ar-0038wt
|
| 038 |
|
|
|a SNKBUCL
|
| 040 |
|
|
|a SNKBUCL
|b slo
|c SNKBUCL
|e AACR2
|
| 041 |
0 |
|
|a slo
|
| 044 |
|
|
|a xo
|c SK
|
| 080 |
|
|
|a 004.056.57:658.012.45
|2 1997
|
| 080 |
|
|
|a 658.012.45
|2 1997
|
| 245 |
0 |
0 |
|a Očista počítačov vo firme a prevencia pred spyware
|b malé a stredné firmy: technologické tipy
|
| 300 |
|
|
|b Fotogr.
|
| 650 |
0 |
7 |
|a informačné technológie
|2 snkbucl
|9 1527
|
| 650 |
0 |
7 |
|a počítačová bezpečnosť
|2 snkbucl
|9 29531
|
| 650 |
0 |
7 |
|a antivírusová ochrana
|2 snkbucl
|9 70317
|
| 650 |
0 |
7 |
|a podnikové informačné systémy
|2 snkbucl
|9 68605
|
| 773 |
0 |
|
|t Infoware
|g Č. august (2005), s. 13
|x 1335-4787
|
| 850 |
|
|
|a Slovenská národná knižnica
|
| 852 |
|
|
|a Slovenská národná knižnica
|
| 954 |
|
|
|a odborná, vedecká literatúra pôvodná (slovenská)
|2 lita
|
| 958 |
|
|
|a article2022
|
| 958 |
|
|
|a OND
|
| 958 |
|
|
|a EUIPO
|
| 999 |
|
|
|c 3017204
|d 3019134
|